000 00273nam a2200109Ia 4500
008 190216s9999||||xx |||||||||||||| ||und||
100 _aPylee M V
245 0 _aConstitutional History Of India 1600-1950
260 _bAsia Publishing House
650 _aHistory
942 _cBK
999 _c18713
_d18713